Pozemkové úpravy a oceňování půd.

Legislatívne predpoklady pozemkových úprav. Zákon bývalého Federálneho zhromaždenia ČSFR č. 229/1991 Zb. a zákon bývalej ČNR č. 284/1991 Zb. Novela zákona o pozemkových úpravách č. 38/1993 Zb. Projektovanie pozemkových úprav súkromnou poradenskou firmou v Písku, na základe oprávnenia podľa zákona č....

Full description

Saved in:
Bibliographic Details
Main Author: Honz, J.
Other Authors: Honzová, E.
Format: Book Chapter
Language:Czech
Subjects:
Tags: Add Tag
No Tags, Be the first to tag this record!

MARC

LEADER 00000naa a2200000 4500
001 r012981
005 20221213090038.2
041 0 |a cze 
044 |a SK 
245 1 0 |a Pozemkové úpravy a oceňování půd.  |c J. Honz, E. Honzová 
520 |a Legislatívne predpoklady pozemkových úprav. Zákon bývalého Federálneho zhromaždenia ČSFR č. 229/1991 Zb. a zákon bývalej ČNR č. 284/1991 Zb. Novela zákona o pozemkových úpravách č. 38/1993 Zb. Projektovanie pozemkových úprav súkromnou poradenskou firmou v Písku, na základe oprávnenia podľa zákona č. 284/1991 Zb. Pripomienky k súčasnému oceňovaniu poľnohospodárskej pôdy. 
610 2 0 |a pôda poľnohospodárska 
610 2 0 |a pozemky 
610 2 0 |a zákony 
610 2 0 |a ČSFR 
610 2 0 |a Čechy 
610 2 0 |a oceňovanie 
610 2 0 |a pôda 
100 1 |a Honz, J. 
700 1 |a Honzová, E.